| 000 | 01067nam a2200229Ia 4500 | ||
|---|---|---|---|
| 999 |
_c52502 _d52502 |
||
| 001 | 19525 | ||
| 003 | GE_BSU | ||
| 005 | 20200221114737.0 | ||
| 008 | 181216s1976||||ge |||||||||||||| ||geo|| | ||
| 040 | _cGE_BSU | ||
| 041 | _ageo | ||
| 080 | _a373.3 : 003 რ-21 | ||
| 100 |
_aრამიშვილი, ვალერიან _91173 |
||
| 245 |
_aკითხვის სწავლება დაწყებით კლასებში : _bახალი პროგრამის მიხედვით / _cრამიშვილი, ვალერიან ; რედ. მ. ჩინჩალაძე. |
||
| 264 |
_aთბილისი : _bთბილ. უნ-ტის გამ-ბა, _c1976. |
||
| 300 |
_a87გვ. ; _c19 სმ. |
||
| 541 | _h48თ. | ||
| 653 | _aკითხვის სწავლება | ||
| 653 | _aკითხვის სწავლება დაწყებით კლასებში | ||
| 700 |
_aჩინჩალაძე, მ. _eრედაქტორი _97311 |
||
| 942 |
_cBK _2udc |
||